تنمية الموارد البشرية العربية وسياسات خلق فرص عمل جديدة / (Record no. 6646)
[ view plain ]
| 000 -الفاتح | |
|---|---|
| حقل البيانات ثابتة الطول | 00813nac a22001571u 4500 |
| 008 - عناصر البيانات ثابتة الطول - معلومات عامة | |
| حقل البيانات ثابتة الطول | 090317t xxu||||| |||| 00| 0 ara d |
| 020 ## - الرقم الدولى المعيارى للكتب | |
| الرقم الدولى المعيارى للكتاب | 995922113x |
| 082 ## - رقم تصنيف ديوى العشرى | |
| رقم التصنيف | 331.10956 |
| رقم المادة | ق و ي |
| 100 1# - المدخل الرئيسى - إسم شخصى | |
| الإسم الشخصى | قويدر ، إبراهيم |
| 9 (RLIN) | 20303 |
| 245 ## - بيان العنوان | |
| العنوان | تنمية الموارد البشرية العربية وسياسات خلق فرص عمل جديدة / |
| بيان المسئوليه,etc | إبراهيم قويدر |
| 260 ## - PUBLICATION, DISTRIBUTION, ETC. (IMPRINT) | |
| مكان الناشر او الموزع | [القاهرة] : |
| اسم الناشر او الموزع | مطابع جامعة الدول العربية ،[د.ت] |
| تاريخ النشر أو التوزيع | [د.ت] |
| 300 ## - الوصف المادى | |
| التعداد | 175 ص ؛ |
| أبعاد الوعاء | 20 سم. |
| 650 ## - المدخل الاضافى بالموضوع-مصطلح موضوعى | |
| مصطلح موضوعي أو اسم جغرافي كعنصر مدخل | القوى العاملة |
| 9 (RLIN) | 21731 |
| التقسيم الفرعي الجغرافي | العالم العربي |
| 942 ## - عناصر المدخل الإضافي( كوها) | |
| Koha [default] item type | Book - Borrowing |
| سابقة رقم الطلب | 331.10956ق و ي |
| مصدر التصنيف او مخطط الترفيف | Dewey Decimal Classification |
| حالة التراجع | حالة الفقد | مصدر التصنيف او خطة الترفيف | حالة تلف | ليس للاعارة | مجموعات كوها | المكان الدائم | المكان الحالي | موقع الترفيف | تاريخ الاكتساب | Source of acquisition | رقم الاستدعاء | الباركود | Date last seen | نوع الوعاء |
|---|---|---|---|---|---|---|---|---|---|---|---|---|---|---|
| Dewey Decimal Classification | Alef-Baa | Central Library | Central Library | First floor | 12/01/2011 | 331.10956 ق و ي | 000008111 | 15/07/2025 | Book - Borrowing |